000 00623cam a22002173a 4500
001 40508
003 PGUSA
005 20140828083914.0
008 120815s2012||||xxu|||||s|||||000 | eng d
040 _aPGUSA
_beng
042 _adc
100 1 _aEverett-Green, Evelyn,
_d1856-1932
245 1 0 _aTrue Stories of Girl Heroines
_h[electronic resource] /
_cEvelyn Everett-Green
260 _bProject Gutenberg,
_c2012
506 _aPublic domain in the USA.
516 _aElectronic text
700 1 _aSherie, E. F.
830 0 _aProject Gutenberg
_v40508
856 4 0 _uhttp://www.gutenberg.org/ebooks/40508
942 _cEB
999 _c269761
_d269761